000 00675nam a2200253Ia 4500
003 OSt
005 20221006142322.0
006 a|||||r|||| 00| 0
007 ta
008 221006b |||||||| |||| 00| 0 eng d
020 _a9780815752585
_c
_44.25
024 _a6,052
037 _cTextual
040 _aEASL
_cEASL
_beng
041 _2eng
_aeng
082 _aV42:191.N92, N3
100 _aLINCOLN Edward J
_9492682
245 0 _aJapan's new global role
260 _aWashington
_bBrookings Institution
_c1993
300 _a320p.
_ccm.
490 _v JEL
942 _hV42:191.N92, N3
_cTEXL
_2CC
999 _c1074138
_d1074138